000 00516nam a2200169 i 4500
001 19503
003 ES-MaACL
005 20230906152118.0
007 t|
008 021001s1934 sp ||||1| spa d
100 1 _aAbad Carretero, Luis,
_d1895-1971
_9226341
245 1 0 _aLo ocurrido en el XVI Congreso Internacional de 2ª enseñanza celebrado en Roma /
_cLuis Abad.
260 _aMadrid :
_b[Unión Poligráfica],
_c1934.
300 _a48 p. ;
_c24 cm.
852 _aES-MaACL
_j1801-F-16
999 _c19503
_d19503